000
00231 a2200097 4500
001
45119
100
_a
Newmark
245
_a
Illustrated technical dictionary
260
_a
New York
_b
Philosophical library
_c
090
_c
28329
_d
28329
942
_a
NUST-CAE
_c
M
_c
20368
999
_c
280192
_d
280192